| 000 | 01448nam a22003737a 4500 | ||
|---|---|---|---|
| 005 | 20090120164223.0 | ||
| 008 | 741003c19289999ii mr0p| 00| 0 eng | ||
| 022 | _a0019-4522 | ||
| 040 |
_aDNLM _cDNLM _dNSDP _dOCoLC _dNSDP _dInU _dOCoLC _dOCoLC _dAIP _dDLC _dNST _dOCoLC |
||
| 042 |
_ansdp _alc |
||
| 050 |
_aQD1 _b.I57 |
||
| 060 |
_aW1 _bJO93S |
||
| 082 | _a540.5 | ||
| 210 | _aJ. Indian Chem. Soc. | ||
| 222 | _aJournal of the Indian Chemical Society | ||
| 245 | _aJournal of the Indian Chemical Society. | ||
| 260 |
_aCalcutta : _bIndian Chemical Society, |
||
| 300 |
_av. : _bill. ; _c24 cm. |
||
| 310 |
_aMonthly, _bJan. 30, 1930- |
||
| 321 |
_aBimonthly _b<, Feb. 28>-Dec. 31, 1929 |
||
| 362 | _aBegan with: Vol. 5, published in 1928. | ||
| 500 | _aDescription based on: Vol. 31, no. 1 (Jan. 1954); title from cover. | ||
| 510 |
_aChemical abstracts _x0009-2258 |
||
| 590 | _aSERBIB/SERLOC merged record | ||
| 650 |
_aChemistry _vPeriodicals. |
||
| 650 |
_aChemistry _vPeriodicals. |
||
| 710 | _aIndian Chemical Society. | ||
| 780 | _tQuarterly journal - Indian Chemical Society | ||
| 270 |
_a92, Acharya prafulla Chandra Road _bKolkata _dIndia _e700009 _k033-23609497 _mindi3478@dataone.in |
||
| 906 |
_a7 _bcbc _cserials _du _encip _f19 _gn-oclcserc |
||
| 942 |
_2ddc _cSR _h540 _mJOU _s1 |
||
| 999 |
_c21782 _d21782 |
||